00897nam a2200205 a 450000100060000000300090000600800410001502000150005604000280007108200160009910000190011524501560013426000270029030000080031750502940032565000190061965000150063865000190065365000190067221350CO-ViMGA141112s2004 ck r 000 u spa d a9706135278 aCO-ViMGAbspacCO-ViMGA04a306.7 T685l1 aTownsend, John10aLo que quieren las mujeres, lo que quieren los hombres : bPorque ambos sexos todavía considerean el amor y el compromiso de una manera tan diferente aMexico; Oxford, c2000 a301 aAlarmas emocionales : El vínculo entre sexo y amor 31 - - elección de parejas para el matrimonio 61 - - El mercado de citas y parejas 131 - - Lo que los hombres y las mujeres quieren del matrimonio 181 - - Cómo enfrentarse a las diferencias entre los sexos y al cambio cultural 263 14aCONDUCTASEXUAL14aMATRIMONIO14aSEXO - HOMBRES14aSEXO - MUJERES